| 000 | 00869nam a2200217 a 4500 | ||
|---|---|---|---|
| 003 | 0 | ||
| 005 | 20250321125928.0 | ||
| 008 | 060801s19uu xx 00 eng d | ||
| 050 |
_aPGS LB 1062.6.C43 _b.M189 2006 |
||
| 100 | _aMagbanua, Ma. Eloisa R. | ||
| 245 |
_aEffects of changing weather on the academic performance of Southville International School and Colleges students / _cMa. Eloisa R. Magbanua. |
||
| 260 |
_aLas PiƱas City, Philippines : _bSouthville International School and Colleges, _c2006. |
||
| 300 |
_a42 pages : _billustrations ; _c28 cm. |
||
| 504 | _aIncludes bibliographical references. | ||
| 650 |
_aClimatic changes _vPsychological aspects. |
||
| 650 | _aWeather and education. | ||
| 650 | _aAcademic achievement. | ||
| 650 |
_aStudents _vEffect of environment on. |
||
| 650 |
_aEducation _vEnvironmental aspects. |
||
| 942 |
_2lcc _cPASS |
||
| 999 |
_c97516 _d97516 |
||